| 000 | 04008nab a2200757 4500 | ||
|---|---|---|---|
| 003 | AR-RoUNA | ||
| 005 | 20251015122348.0 | ||
| 008 | 250703b1979 |||||||| |||| 00| 0 spa d | ||
| 040 |
_aAR-RoUNA _dAR-RoUNA _bspa |
||
| 041 | _aspa | ||
| 044 | _aag | ||
| 110 | 2 |
_aUNESCO (Organización de las Naciones Unidas para la Educación, la Ciencia y la Cultura) _927014 |
|
| 245 |
_aConsejo Internacional de Coordinación del programa sobre el Hombre y la Biósfera (MAB). _pCuarta reunión. Informe final. |
||
| 260 |
_aParís (Francia) : _bOficina Regional de ciencia y Tecnologia de la UNESCO para América Latina y el Caribe (ROSTLAC), _c1976. |
||
| 300 |
_a54 p.: _bil. byn. _btablas _c27x21 cm. |
||
| 490 |
_aPrograma sobre el Hombre y la Biosfera (MAB) _vv. 38 |
||
| 505 | 0 | _tINDICE | |
| 505 | 0 | _a1.1. Convocatoria y celebración de la reunión. p. 7 | |
| 505 | 0 | _a1.2. Apertura de la reunión y elección de la Mesa. p. 7 | |
| 505 | 0 | _a 1.3. Aprobación del Orden del Día. p. 8 | |
| 505 | 0 | _a1.4. Informe de la Secretaría. p. 9 | |
| 505 | 0 | _t2. PRESENTACION DE LOS PRINCIPALES PROBLEMAS Y DE LAS FUTURAS ESTRATEGIAS | |
| 505 | 0 | _a2.1. Estado actual de la ejeción del MAB. p. 10 | |
| 505 | _a2.2. Promoción del as actividades operacionales. p. 10 | ||
| 505 | 0 | _t3. EXAMEN Y EJECUCION DE PROYECTOS GEOGRAFICAMENTE CIRCUNSCRITOS | |
| 505 | 0 | _a3.1. Proyecto 1 ("Bosques tropicales y subtropicales"). p. 13 | |
| 505 | 0 | _a3.2. Proyecto 2 (" Zonas forestales templadas y mediterráneas"). p. 15 | |
| 505 | 0 | _a3.3. Proyecto 3 ("Tierras de pastoreo"). p. 16 | |
| 505 | 0 | _a3.4. Proyecto 4 ("Efectos del riego sobre los ecosistemas del as zonas áridas y semiáridas"). p. 17 | |
| 505 | 0 | _a3.5. Proyecto 5 ("Ecosistemas acuáticos no oceánicos y zonas de conexas de interacción"). p. 18 | |
| 505 | 0 | _a3.6. Proyecto 6 ("Ecosistemas montañosos y de tundras"). p. 19 | |
| 505 | 0 | _a3.7. Proyecto 7 ("Islas"). p. 20 | |
| 505 | 0 | _a3.8. Proyecto 11 ("Sistemas urbanos"). p. 21 | |
| 505 | 0 | _t4. PROMOCION DEL PROYECTO 8, INCLUSIVE EL ESTABLECIMIENTO D ERESERVAS DE LA BIOSFERA | |
| 505 | 0 | _t5. EXAMEN Y EJECUCIÓN DE PROYECTOS RELATIVOS A PROCESOS O EFECTOS. P. 26 | |
| 505 | 0 | _a5.1. Proyecto 9 ("Aplicación de fertilizantes y plaguicidas"). p. 26 | |
| 505 | 0 | _a5.2. Proyecto 10 ("Grandes obras de ingeniería"). p. 27 | |
| 505 | 0 | _a 5.3. Proyecto 12 ("Cambios demográficos"). p. 27 | |
| 505 | 0 | _a5.4. Proyecto 13 ("Percepción de la calidad del medio"). p. 28 | |
| 505 | 0 | _a5.5. Proyecto 14 ("Contaminación"). p. 28 | |
| 505 | 0 | _t6. OTRAS CUESTIONES METODOLOGICAS | |
| 505 | 0 | _a6.1. Enfoques por análisis de sistemas y elaboración de modelos. p. 30 | |
| 505 | 0 | _a 6.2. Intensificación del aporte de las ciencias humanas. p. 30 | |
| 505 | 0 | _a 6.3. Estudios metodológicos sobre los procesos ecológicos fundamentales. p. 31 | |
| 505 | 0 | _t7. CNJE DE INFORMACON | |
| 505 | 0 | _t 8. ASPECTOS RELATIVOS A LA FORMACION | |
| 505 | 0 | _t9. COOPERACIÓN CON LAS ORGANIZACIONES INTERNACIONALES GUBERNAMENTALES Y NO GUBERNAMENTALES | |
| 505 | 0 | _a9.1. Relaciones con las organizaciones internacionales gubernamentales. p. 36 | |
| 505 | 0 | _a9.2 Relaciones con organizaciones internacionales no gubernamentales. p. 39 | |
| 505 | 0 | _tANEXO I | |
| 505 | 0 | _aLista de participantes. p. 41 | |
| 505 | 0 | _tANEXO II | |
| 505 | 0 | _a Discurso de apertura del Sr. John E. Fobes. p. 47 | |
| 505 | 0 | _tANEXO III | |
| 505 | 0 | _aAlgunos procedimientos para la elaboración de proyectos del MAB. p. 49 | |
| 505 | 0 | _aANEXO IV | |
| 505 | 0 | _aFormulario par presentar información sobre las reservas de la biosfera propuesta. p. 51 | |
| 505 | 0 | _tANEXO V | |
| 505 | 0 | _aResumen de las actividades de formación relacionadas con el MAB. p. 53 | |
| 650 | 4 | _aMedio ambiente | |
| 650 | 4 | _aEcología | |
| 908 | _aImp | ||
| 942 | _2udc | ||
| 945 | _d2025-07-03 | ||
| 980 |
_65 _aMaría Machado _85 _gMaría Machado |
||
| 999 |
_c12177 _d12177 |
||